Sort of a Mine-field Blitz Quiz Stats

 Plays Quiz Updated Aug 31, 2017

     
Support Sporcle.
Go Orange.
Score 0/10 Timer 01:00
3 Plays Today
% Correct
???
100%
???
86.7%
???
58.4%
???
41%
???
27.2%
???
23.8%
???
22.4%
???
20.3%
???
18.6%
???
18.4%

From the Vault

US Cities Starting With...

by Onno

Fort Green, New Port. Sure, it's not a real place, but sain't made up either.
Remove Ads.
Support Sporcle.
Get the best of Sporcle when you Go Orange. This ad-free experience offers more features, more stats, and more fun while also helping to support Sporcle. Thank you for becoming a member.

Show Comments

Extras

Top Quizzes Today


Score Distribution

Your Account Isn't Verified!

In order to create a playlist on Sporcle, you need to verify the email address you used during registration. Go to your Sporcle Settings to finish the process.

Report this User

Report this user for behavior that violates our Community Guidelines.

Details: